| 000 | 00000nam 2200000zi 4500 |
| 001 | 9.931316 |
| 003 | CaOODSP |
| 005 | 20240116131849 |
| 006 | m o d f |
| 007 | cr mn||||||||| |
| 008 | 231211s2022 onca o f000 0 fre d |
| 040 | |aCaOODSP|bfre|erda|cCaOODSP |
| 043 | |an-cn--- |
| 086 | 1 |aIu86-60/2-2022F-PDF |
| 245 | 00|aLois pour attirer les invités à valeur élevée : |bcomment tirer parti de l’évolution du marché mondial des voyages haut de gamme? |
| 264 | 1|a[Ottawa] : |bDestination Canada, |c[2022] |
| 300 | |a1 ressource en ligne (53 pages, 1 page non numérotée) : |billustrations en couleur |
| 336 | |atexte|btxt|2rdacontent/fre |
| 337 | |ainformatique|bc|2rdamedia/fre |
| 338 | |aressource en ligne|bcr|2rdacarrier/fre |
| 500 | |aPublié aussi en anglais sous le titre : The laws of attraction for high-value guests : how to appeal to high-value guests. |
| 650 | 6|aTourisme|zCanada. |
| 650 | 6|aConsommateurs|xSatisfaction|zCanada. |
| 710 | 2 |aDestination Canada, |eorganisme de publication. |
| 775 | 08|tThe laws of attraction for high-value guests : |w(CaOODSP)9.931216 |
| 856 | 40|qPDF|s28.02 Mo|uhttps://publications.gc.ca/collections/collection_2023/dc/Iu86-60-2-2022-fra.pdf |